[Event "Montserrat op"]
[Site "Montserrat"]
[Date "2024.08.30"]
[Round "6"]
[White "Kovacevic, Slobodan"]
[Black "Gallach Perez, Yago"]
[Result "1-0"]
[WhiteElo "2229"]
[BlackElo "1877"]
[PlyCount "67"]
[EventDate "2024.08.26"]
[EventType "swiss"]
[EventRounds "9"]
[EventCountry "ESP"]
[SourceTitle "CBM 221 Extra"]
[Source "ChessBase"]
[SourceDate "2024.09.30"]
[SourceVersion "1"]
[SourceVersionDate "2024.09.30"]
[SourceQuality "1"]

1. d4 Nf6 2. Nf3 g6 3. Bg5 Bg7 4. Nbd2 d5 5. c3 0-0 6. e3 Nbd7 7. b4 a5 8. Be2 Re8 9. a3 e5 10. h3 c6 11. 0-0 h6 12. Bh4 e4 13. Nh2 b5 14. a4 axb4 15. axb5 Rxa1 16. Qxa1 cxb5 17. cxb4 g5 18. Bg3 Bf8 19. Qa3 Qb6 20. Nb3 Bb7 21. Nc5 Ra8 22. Qb2 Bg7 23. Ra1 Rxa1+ 24. Qxa1 Bc6 25. Nf1 Ne8 26. Qa2 Nc7 27. f3 Nf6 28. Nd2 Ne6 29. Nxe6 fxe6 30. fxe4 Kf7 31. e5 Ne4 32. Nxe4 dxe4 33. Bh5+ Kg8 34. Qxe6+ 1-0

[Event "Mislata op 57th"]
[Site "Mislata"]
[Date "2024.08.14"]
[Round "4"]
[White "Gallach Perez, Yago"]
[Black "Silva Martinez Del Canizo, Sebastian"]
[Result "1-0"]
[WhiteElo "1877"]
[BlackElo "1951"]
[PlyCount "77"]
[EventDate "2024.08.12"]
[EventType "swiss"]
[EventRounds "9"]
[EventCountry "ESP"]
[SourceTitle "CBM 221 Extra"]
[Source "ChessBase"]
[SourceDate "2024.09.30"]
[SourceVersion "1"]
[SourceVersionDate "2024.09.30"]
[SourceQuality "1"]

1. e4 c5 2. Nf3 d6 3. d4 cxd4 4. Nxd4 Nf6 5. Nc3 a6 6. Bc4 e6 7. Bb3 Nbd7 8. 0-0 Nc5 9. Re1 Be7 10. Nf3 Qc7 11. Bf4 Nxb3 12. axb3 e5 13. Bg5 Be6 14. Bxf6 Bxf6 15. Nd5 Qc5 16. b4 Qc6 17. b5 Qd7 18. Nb6 Qd8 19. Nxa8 0-0 20. bxa6 Qxa8 21. axb7 Qxb7 22. Qxd6 Qxb2 23. Qa3 Qxc2 24. Rac1 Qb3 25. Qxb3 Bxb3 26. Rc5 Re8 27. Rb1 Ba4 28. h3 h6 29. Rb7 Bd1 30. Ne1 Rd8 31. Rd5 Rxd5 32. exd5 Kf8 33. f3 Be2 34. d6 Ke8 35. Kf2 Ba6 36. Ra7 Bb5 37. Nc2 Bd3 38. Nb4 Bb5 39. Nd5 1-0